| Tag |
First Indicator |
Second Indicator |
Subfields |
| LEADER |
00000cam a2200000 i 4500 |
| 001 |
in00000093733 |
| 005 |
20240311175529.6 |
| 008 |
800404q18901899enka 000 1 eng d |
| 035 |
|
|
|a (OCoLC)06169131
|
| 035 |
|
|
|9 AAL5582AM
|
| 040 |
|
|
|a TXA
|c TXA
|d UtOrBLW
|
| 049 |
|
|
|a TXAS [remi]
|
| 090 |
|
|
|a PS2129.J5
|b A98 1890
|
| 100 |
1 |
|
|a Janvier, Thomas A.
|q (Thomas Allibone),
|d 1849-1913.
|
| 245 |
1 |
4 |
|a The Aztec treasure house :
|b a romance of contemporaneous antiquity /
|c by Thomas A. Janvier.
|
| 250 |
|
|
|a New and cheaper ed.
|
| 264 |
|
1 |
|a London :
|b Sampson Low, Marston,
|c [between 1890 and 1899]
|
| 300 |
|
|
|a 348 pages, 19 unnumbered leaves of plates :
|b illustrations ;
|c 19 cm.
|
| 336 |
|
|
|a text
|b txt
|2 rdacontent
|
| 337 |
|
|
|a unmediated
|b n
|2 rdamedia
|
| 338 |
|
|
|a volume
|b nc
|2 rdacarrier
|
| 650 |
|
0 |
|a Aztecs
|v Fiction.
|
| 700 |
1 |
|
|a Remington, Frederic,
|d 1861-1909.
|
| 999 |
|
|
|a MARS
|
| 999 |
f |
f |
|s 9eae5189-45b3-30d2-93a6-c4046fa1f04a
|i a01099f9-582c-3e5c-bd9b-16e4d4825dfe
|t 0
|
| 952 |
f |
f |
|p noncirc
|a Texas A&M University
|b College Station
|c Cushing Memorial Library & Archives
|d Cushing: Dykes (Does not check out)
|t 0
|e PS2129.J5 A98 1890
|h Library of Congress classification
|i unmediated -- volume
|m A14853235312
|
| 998 |
f |
f |
|a PS2129.J5 A98 1890
|t 0
|l Cushing: Dykes (Does not check out)
|